1687 1995 1624 1389 1325 1058 1371 1450 1776 1728 1915 1935 1951 1655 1305 1163 1554 1029 1896 1608 1352 1930 1375 1782 1072 1642 1957 1314 1877 1892 1176 1173 1213 1909 1622 1329 1181 1697 1638 1707 1988 1698 1926 1851 1982 1984 1797 1889 1360 1119 1312 1957 1708 1050 1131 1056 1106 1063 1766 1834 1656 1905 1975 1464 1590 1317 1032 1396 1927 1084 1203 1178 1895 1342 1155 1408 1994 1264 1106 1303 1311 1599 1893 1082 1441 1878 1308 1955 1298 1865 1473 1265 1586 1434 1257 1390 1357 1912 1983 BCNSPRNW ULIB Ver.6.0+V

เปลี่ยนเป็นภาษาไทย

Change to English
 แสดงรายละเอียดบรรณานุกรม
  กลับหน้าหลัก

Brief Record : Get Marc (ISO 2709) : E-mail record : QR code < ปิดหน้าต่าง
LEADER : 00000nam 2200000uu 4500
001    13399124215
003     ULIB
008    150127s2554||||th 000 0 tha d
020    ^a9789740720492
060  4 ^aQS4^bจ213ร
100 0  ^aจินนี จอนห์สัน
245 10 ^aร่างกายของมนุษย์ การหายใจ : ร่างกายของเราใช้อากาศให้เป็นประโยชน์ได้อย่างไร /^cโดยจินนี จอนห์สัน เขียน แปลโดย ธเรวัติ วัฒนานุกูลกิจ
246 32 ^aร่างกายของเราใช้อากาศให้เป็นประโยชน์ได้อย่างไร
250    ^aพิมพ์ครั้งที่ 4
260    ^aกรุงเทพฯ :^bไทยวัฒนาพานิช,^c2554
650  7 ^aการหายใจ
650  7 ^aร่างกายของมนุษย์
650  7 ^aอวัยวะสำหรับการหายใจ
700 0  ^aธรรมนูญ โรจนะบุรานนท์,^eผู้แปล
945    ^p330^l0^i22795
945    ^p330^l0^i22796
945    ^p330^l0^i22797
945    ^p330^l0^i22798
945    ^p330^l0^i22799
999    ^aทศพร เกษรทอง
รายการนี้ยังไม่มีแท็ก
คุณยังไม่ได้ล็อกอิน คุณสามารถมีกิจกรรมร่วมกับเว็บไซต์ได้ แต่ต้องล็อกอินก่อน ::
  ล็อกอิน

รายการสื่อสารสนเทศ

ลำดับที่ ประเภท เลขเรียก/บาร์โค้ด สถานที่ สถานะ
1. วิทยาศาสตร์การแพทย์ และสุขภาพ
วิทยาศาสตร์การแพทย์ และสุขภาพ
สถานะ=หนังสือเก่า
QS4 จ213ร ฉ.1 
  Barcode: 22795
ห้องสมุดวิทยาเขตนครสวรรค์
►ส่วนจัดเก็บหนังสือเก่า นว.
บนชั้น
  ขอยืม
2. วิทยาศาสตร์การแพทย์ และสุขภาพ
วิทยาศาสตร์การแพทย์ และสุขภาพ
สถานะ=หนังสือเก่า
QS4 จ213ร ฉ.2 
  Barcode: 22796
ห้องสมุดวิทยาเขตนครสวรรค์
►ส่วนจัดเก็บหนังสือเก่า นว.
บนชั้น
  ขอยืม
3. วิทยาศาสตร์การแพทย์ และสุขภาพ
วิทยาศาสตร์การแพทย์ และสุขภาพ
สถานะ=หนังสือเก่า
QS4 จ213ร ฉ.3 
  Barcode: 22797
ห้องสมุดวิทยาเขตนครสวรรค์
►ส่วนจัดเก็บหนังสือเก่า นว.
บนชั้น
  ขอยืม
4. วิทยาศาสตร์การแพทย์ และสุขภาพ
วิทยาศาสตร์การแพทย์ และสุขภาพ
สถานะ=หนังสือเก่า
QS4 จ213ร ฉ.4 
  Barcode: 22798
ห้องสมุดวิทยาเขตนครสวรรค์
►ส่วนจัดเก็บหนังสือเก่า นว.
บนชั้น
  ขอยืม
5. วิทยาศาสตร์การแพทย์ และสุขภาพ
วิทยาศาสตร์การแพทย์ และสุขภาพ
สถานะ=หนังสือเก่า
QS4 จ213ร ฉ.5 
  Barcode: 22799
ห้องสมุดวิทยาเขตนครสวรรค์
►ส่วนจัดเก็บหนังสือเก่า นว.
บนชั้น
  ขอยืม

รายการใกล้เคียง
    ผู้แต่ง [จินนี จอนห์สัน]

    หัวเรื่อง [การหายใจ]
    หัวเรื่อง [ร่างกายของมนุษย์]
    หัวเรื่อง [อวัยวะสำหรับการหายใจ]

BibComment


ยังไม่เคยถูกคอมเมนท์

คอมเมนท์ทรัพยากรรายการนี้
  คอมเมนท์: ร่างกายของมนุษย์..


 Copyright 2026. Bcnsprnw @Library